La ciudad: Un espacio educativo. Guía metodológica
Збережено в:
| Автори: | , |
|---|---|
| Формат: | Книга |
| Мова: | Іспанська |
| Опубліковано: |
Santiago
Fundación Futuro
2008
|
| Серія: | Ojo con la ciudad
|
| Предмети: | |
| Теги: |
Додати тег
Немає тегів, Будьте першим, хто поставить тег для цього запису!
|
MARC
| LEADER | 00000nam a2200000 a 4500 | ||
|---|---|---|---|
| 001 | UCH5064 | ||
| 003 | CL-VaPUC | ||
| 008 | 090916e20081100CL |||||||||||||||||spa|d | ||
| 082 | 0 | 4 | |a 711.4 |b MIR |2 21 |
| 100 | |a Miranda H., Irene |e autora |9 553253 | ||
| 700 | 0 | |a Piñera E., Magdalena |e author |9 541191 | |
| 245 | 1 | 3 | |a La ciudad: Un espacio educativo. Guía metodológica |
| 246 | 1 | 0 | |a 50 obras arquitectónicas del patrimonio de Chile |
| 300 | |a 59 p | ||
| 942 | |c BK | ||
| 945 | |d 20090916 00:00:00 |a dcastane | ||
| 260 | |a Santiago |b Fundación Futuro |c 2008 | ||
| 650 | 0 | |a Ciudades |9 265474 | |
| 650 | 0 | |a Planificación urbana |9 258176 | |
| 650 | 0 | |a Desarrollo cultural |9 267526 | |
| 650 | 0 | |a Patrimonio cultural |9 309364 | |
| 650 | 7 | |a OBRAS ARQUITECTONICAS |2 CL-VaPUC |9 370633 | |
| 650 | 0 | |a Métodos de enseñanza |9 270413 | |
| 650 | 0 | |a Planificación urbana |9 258176 | |
| 650 | 0 | |a Desarrollo cultural |9 267526 | |
| 650 | 0 | |a Planificación urbana |9 258176 | |
| 650 | 0 | |a Desarrollo cultural |9 267526 | |
| 651 | 7 | |a CHILE |2 CL-VaPUC |9 541192 | |
| 583 | |a last modification |c 20090916 00:00:00 |k Rodrigo Vera | ||
| 490 | 0 | |a Ojo con la ciudad | |
| 999 | |c 336273 |d 336271 | ||
| 952 | |0 0 |1 0 |4 0 |6 711_400000000000000_MIR_2008 |7 0 |8 X |9 427279 |a FDOBUD |b FDOBUD |d 2019-11-22 |i 4596528 |o 711.4 MIR 2008 |p 4596528 |r 2019-11-22 |w 2019-11-22 |y BK_X |k BUD | ||